[Event "ONJK-A 2019"]
[Site "Borne"]
[Date "2019.08.09"]
[Round "8.12"]
[White "Hofstra, Tijmen"]
[Black "Lettko, Michael"]
[Result "1/2-1/2"]
[WhiteElo "1732"]
[BlackElo "1386"]
[Annotator "NA"]
[PlyCount "43"]
[EventDate "2019.08.05"]
[EventType "swiss"]
[EventCountry "NED"]
[SourceTitle "playchess.com"]
[Source "ChessBase"]
[SourceQuality "1"]
[TimeControl "5400+30"]

1. e4 {[%emt 0:00:00]} c6 {[%emt 0:00:00]} 2. Nc3 {[%emt 0:00:07]} d5 {[%emt 0:00:00]} 3. Nf3 {[%emt 0:00:08]} Bg4 {[%emt 0:00:05]} 4. exd5 {[%emt 0:02:41]} cxd5 {[%emt 0:00:38]} 5. Bb5+ {[%emt 0:00:17]} Nc6 {[%emt 0:00:53]} 6. h3 {[%emt 0:01:09]} Bxf3 {[%emt 0:01:30]} 7. Qxf3 {[%emt 0:00:08]} e6 {[%emt 0:01:05]} 8. d3 {[%emt 0:00:22]} Nge7 {[%emt 0:02:06]} 9. Bg5 {[%emt 0:01:24]} Qc7 {[%emt 0:02:09]} 10. O-O {[%emt 0:00:32]} a6 {[%emt 0:01:54]} 11. Bxc6+ {[%emt 0:02:11]} Nxc6 {[%emt 0:03:04]} 12. Rfe1 {[%emt 0:00:28]} Nd4 {[%emt 0:04:39]} 13. Qxd5 {[%emt 0:00:14]} Nxc2 {[%emt 0:02:26]} 14. Rxe6+ {[%emt 0:05:58]} fxe6 {[%emt 0:00:13]} 15. Qxe6+ {[%emt 0:00:03]} Be7 {[%emt 0:01:49]} 16. Nd5 {[%emt 0:00:07]} Qd7 {[%emt 0:00:48]} 17. Qe2 {[%emt 0:01:18]} Nxa1 {[%emt 0:19:01]} 18. Nxe7 {[%emt 0:00:48]} Kf7 {[%emt 0:02:14]} 19. Qf3+ {[%emt 0:00:47]} Ke8 {[%emt 0:06:34]} 20. Qe4 {[%emt 0:00:56]} Kf7 {[%emt 0:00:28]} 21. Qf3+ {[%emt 0:00:14]} Ke8 {[%emt 0:00:12]} 22. Qe4 {[%emt 0:00:10]} 1/2-1/2

[Event "ONJK-A 2019"]
[Site "Borne"]
[Date "2019.08.10"]
[Round "9.1"]
[White "Maerevoet, Sim"]
[Black "Baselmans, Luuk"]
[Result "1/2-1/2"]
[WhiteElo "2321"]
[BlackElo "2250"]
[Annotator "TA"]
[PlyCount "23"]
[EventDate "2019.08.05"]
[EventType "swiss"]
[EventCountry "NED"]
[SourceTitle "playchess.com"]
[Source "ChessBase"]
[SourceQuality "1"]

{[%evp 11,23,14,36,15,38,30,49,49,34,41,38,33,76,48]} 1. d4 Nf6 2. c4 e6 3. Nf3 Bb4+ 4. Nbd2 O-O 5. a3 Bxd2+ 6. Bxd2 Ne4 7. Qc2 {E11: Bogo-Indian} (7. Bf4 d6 8. e3 b6 9. Bd3 Bb7 10. Qc2 f5 11. h3 Nd7 12. O-O-O Qe7 13. Rhe1 c5 14. Kb1 Rac8 15. Qe2 {0-1 (48) Piorun,K (2559)-Socko,B (2647) Poland 2013}) 7... f5 8. g3 a5 $146 ({Predecessor:} 8... b6 9. Bg2 Bb7 10. O-O Nxd2 11. Qxd2 Be4 12. d5 Qf6 13. Rfd1 d6 14. dxe6 Nc6 {1-0 (76) Ris,R (2436)-Ptacnikova,L (2249) Reykjavik 2009}) 9. Bg2 a4 10. O-O d6 11. Rad1 Nd7 12. Bb4 1/2-1/2

[Event "ONJK-A 2019"]
[Site "Borne"]
[Date "2019.08.10"]
[Round "9.2"]
[White "Noordenbos, Daan"]
[Black "Hilwerda, Jonas"]
[Result "1/2-1/2"]
[WhiteElo "2042"]
[BlackElo "2263"]
[Annotator "NA"]
[PlyCount "76"]
[EventDate "2019.08.05"]
[EventType "swiss"]
[EventCountry "NED"]
[SourceTitle "playchess.com"]
[Source "ChessBase"]
[SourceQuality "1"]
[TimeControl "5400+30"]

1. e4 {[%emt 0:00:00]} e5 {[%emt 0:00:00]} 2. Nf3 {[%emt 0:00:00]} Nc6 {[%emt 0:00:00]} 3. Bc4 {[%emt 0:00:00]} Nf6 {[%emt 0:00:39]} 4. d3 {[%emt 0:00:13]} Bc5 {[%emt 0:00:18]} 5. Bb3 {[%emt 0:01:26]} d6 {[%emt 0:01:55]} 6. c3 {[%emt 0:00:47]} O-O {[%emt 0:01:18]} 7. Nbd2 {[%emt 0:03:15]} a6 {[%emt 0:01:00]} 8. Nf1 {[%emt 0:00:35]} Ng4 {[%emt 0:04:19]} 9. Ne3 {[%emt 0:01:13]} Nxe3 {[%emt 0:01:01]} 10. Bxe3 {[%emt 0:00:07]} Bxe3 {[%emt 0:00:58]} 11. fxe3 {[%emt 0:00:08]} Qf6 {[%emt 0:07:44]} 12. Qe2 {[%emt 0:03:14]} Qh6 {[%emt 0:01:49]} 13. O-O {[%emt 0:03:43]} Kh8 {[%emt 0:12:45]} 14. Nd2 {[%emt 0:08:29]} f6 {[%emt 0:01:47]} 15. Rf2 {[%emt 0:02:32]} g6 {[%emt 0:08:19]} 16. Raf1 {[%emt 0:08:35]} Qg5 {[%emt 0:17:03]} 17. d4 {[%emt 0:08:34]} Bg4 {[%emt 0:12:26]} 18. Qd3 {[%emt 0:00:56]} Rad8 {[%emt 0:01:26]} 19. Bd5 {[%emt 0:06:22]} Bd7 {[%emt 0:04:17]} 20. Kh1 {[%emt 0:06:26]} Rb8 {[%emt 0:01:39]} 21. Nf3 {[%emt 0:02:34]} Qh6 {[%emt 0:05:16]} 22. Ng1 {[%emt 0:02:01]} Qg7 {[%emt 0:01:26]} 23. Ne2 {[%emt 0:03:16]} Ne7 {[%emt 0:01:09]} 24. Bb3 {[%emt 0:01:35]} Rbd8 {[%emt 0:00:10]} 25. Qd2 {[%emt 0:03:54]} Bc6 {[%emt 0:01:33]} 26. Ng3 {[%emt 0:01:22]} h5 {[%emt 0:01:00]} 27. h4 {[%emt 0:02:57]} Bb5 {[%emt 0:00:58]} 28. Rd1 {[%emt 0:01:13]} Bd7 {[%emt 0:00:40]} 29. Kh2 {[%emt 0:03:11]} Bg4 {[%emt 0:00:24]} 30. Rdf1 {[%emt 0:00:07]} f5 {[%emt 0:00:49]} 31. exf5 {[%emt 0:07:00]} gxf5 {[%emt 0:01:22]} 32. Kg1 {[%emt 0:00:21]} Qh6 {[%emt 0:04:53]} 33. Bc2 {[%emt 0:02:00]} Qf6 {[%emt 0:04:13]} 34. Ne4 Qh6 {[%emt 0:00:08]} 35. Ng3 Qg7 {[%emt 0:00:05]} 36. Bb3 Qf6 {[%emt 0:00:12]} 37. Bd1 Qg7 {[%emt 0:00:09]} 38. Bb3 Qf6 1/2-1/2

[Event "ONJK-A 2019"]
[Site "Borne"]
[Date "2019.08.10"]
[Round "9.3"]
[White "Klaren, Duncan"]
[Black "Van Malder, Dries"]
[Result "0-1"]
[WhiteElo "1964"]
[BlackElo "2178"]
[Annotator "NA"]
[PlyCount "62"]
[EventDate "2019.08.05"]
[EventType "swiss"]
[EventCountry "NED"]
[SourceTitle "playchess.com"]
[Source "ChessBase"]
[SourceQuality "1"]
[TimeControl "5400+30"]

1. e4 {[%emt 0:00:00]} c5 {[%emt 0:00:00]} 2. Nf3 {[%emt 0:00:00]} Nc6 {[%emt 0:00:00]} 3. d4 {[%emt 0:00:00]} cxd4 {[%emt 0:00:00]} 4. Nxd4 {[%emt 0:00:00]} Nf6 {[%emt 0:00:19]} 5. Nc3 {[%emt 0:03:38]} d6 {[%emt 0:00:30]} 6. Bg5 {[%emt 0:00:06]} e6 {[%emt 0:00:05]} 7. Qd2 {[%emt 0:00:03]} a6 {[%emt 0:00:05]} 8. O-O-O {[%emt 0:00:37]} h6 {[%emt 0:00:04]} 9. Bxf6 {[%emt 0:00:15]} Qxf6 {[%emt 0:01:56]} 10. Kb1 {[%emt 0:03:31]} Nxd4 {[%emt 0:13:19]} 11. Qxd4 {[%emt 0:00:07]} Qxd4 {[%emt 0:00:08]} 12. Rxd4 {[%emt 0:01:28]} Bd7 {[%emt 0:01:14]} 13. Be2 {[%emt 0:04:30]} O-O-O {[%emt 0:01:35]} 14. Rhd1 {[%emt 0:06:07]} Be7 {[%emt 0:00:55]} 15. f4 {[%emt 0:05:18]} g6 {[%emt 0:06:31]} 16. g4 {[%emt 0:13:59]} Bc6 {[%emt 0:02:35]} 17. f5 {[%emt 0:05:14]} Bf6 {[%emt 0:08:14]} 18. Rxd6 {[%emt 0:04:53]} Rxd6 {[%emt 0:00:48]} 19. Rxd6 {[%emt 0:00:04]} Be5 {[%emt 0:00:09]} 20. Rd3 {[%emt 0:03:11]} Bxh2 {[%emt 0:02:00]} 21. Rh3 {[%emt 0:00:10]} Be5 {[%emt 0:01:08]} 22. Bc4 {[%emt 0:00:58]} Kd7 {[%emt 0:00:45]} 23. Rd3+ {[%emt 0:02:15]} Ke7 {[%emt 0:05:24]} 24. fxe6 {[%emt 0:07:05]} fxe6 {[%emt 0:00:47]} 25. Ne2 {[%emt 0:00:58]} b5 {[%emt 0:05:30]} 26. Bb3 {[%emt 0:00:19]} h5 {[%emt 0:00:20]} 27. gxh5 {[%emt 0:02:43]} gxh5 {[%emt 0:00:20]} 28. Rh3 {[%emt 0:06:20]} h4 {[%emt 0:00:36]} 29. Ng1 {[%emt 0:06:57]} Rf8 {[%emt 0:05:36]} 30. Nf3 {[%emt 0:01:38]} Bxe4 {[%emt 0:00:33]} 31. Nd2 {[%emt 0:00:25]} Bg3 {[%emt 0:00:14]} 0-1

[Event "ONJK-A 2019"]
[Site "Borne"]
[Date "2019.08.10"]
[Round "9.4"]
[White "Ypma, Jord"]
[Black "De Bock, Thijs"]
[Result "0-1"]
[WhiteElo "1984"]
[BlackElo "1870"]
[Annotator "NA"]
[PlyCount "76"]
[EventDate "2019.08.05"]
[EventType "swiss"]
[EventCountry "NED"]
[SourceTitle "playchess.com"]
[Source "ChessBase"]
[SourceQuality "1"]
[TimeControl "5400+30"]

1. d4 {[%emt 0:00:00]} d5 {[%emt 0:00:00]} 2. c4 {[%emt 0:00:00]} c6 {[%emt 0:00:00]} 3. Nf3 {[%emt 0:00:00]} Nf6 {[%emt 0:00:00]} 4. Nc3 {[%emt 0:00:00]} e6 {[%emt 0:00:00]} 5. Bg5 {[%emt 0:00:32]} dxc4 {[%emt 0:00:00]} 6. e4 {[%emt 0:00:25]} b5 {[%emt 0:00:00]} 7. e5 {[%emt 0:00:02]} h6 {[%emt 0:00:00]} 8. Bh4 {[%emt 0:00:01]} g5 {[%emt 0:00:00]} 9. Nxg5 {[%emt 0:00:03]} hxg5 {[%emt 0:00:05]} 10. Bxg5 {[%emt 0:00:02]} Nbd7 {[%emt 0:00:05]} 11. g3 {[%emt 0:00:03]} Bb7 {[%emt 0:00:08]} 12. Bg2 {[%emt 0:00:08]} Qb6 {[%emt 0:00:08]} 13. exf6 {[%emt 0:00:05]} c5 {[%emt 0:00:06]} 14. d5 {[%emt 0:00:59]} O-O-O {[%emt 0:00:07]} 15. O-O {[%emt 0:00:03]} b4 {[%emt 0:00:45]} 16. Na4 {[%emt 0:00:16]} Qb5 {[%emt 0:03:31]} 17. a3 {[%emt 0:00:03]} Nb8 {[%emt 0:04:03]} 18. axb4 {[%emt 0:03:01]} cxb4 {[%emt 0:00:02]} 19. Qg4 {[%emt 0:03:42]} Bxd5 {[%emt 0:04:02]} 20. Bxd5 {[%emt 0:12:44]} Rxd5 {[%emt 0:00:16]} 21. Be3 {[%emt 0:04:22]} Nc6 {[%emt 0:02:28]} 22. Rfc1 {[%emt 0:04:57]} Ne5 {[%emt 0:00:27]} 23. Qe2 {[%emt 0:27:33]} Qc6 {[%emt 0:15:35]} 24. h4 {[%emt 0:05:56]} Rd3 {[%emt 0:00:54]} 25. Rxc4 {[%emt 0:05:48]} Nxc4 {[%emt 0:05:17]} 26. Qxd3 {[%emt 0:00:43]} Ne5 {[%emt 0:00:06]} 27. Qe2 {[%emt 0:03:06]} Nf3+ {[%emt 0:00:25]} 28. Kf1 {[%emt 0:00:32]} Nd4 {[%emt 0:00:55]} 29. Rc1 {[%emt 0:03:03]} Qxc1+ {[%emt 0:00:05]} 30. Bxc1 {[%emt 0:00:01]} Nxe2 {[%emt 0:00:03]} 31. Kxe2 {[%emt 0:00:08]} Bh6 {[%emt 0:00:14]} 32. Bg5 {[%emt 0:00:32]} Bxg5 {[%emt 0:00:41]} 33. hxg5 {[%emt 0:00:01]} Rd8 {[%emt 0:00:34]} 34. Nc5 {[%emt 0:00:59]} Rd5 {[%emt 0:00:33]} 35. Ne4 {[%emt 0:00:29]} Kc7 {[%emt 0:01:55]} 36. g4 {[%emt 0:04:11]} a5 {[%emt 0:00:07]} 37. g6 {[%emt 0:07:28]} fxg6 {[%emt 0:00:29]} 38. Nc5 {[%emt 0:00:10]} Kd6 {[%emt 0:00:57]} 0-1

[Event "ONJK-A 2019"]
[Site "Borne"]
[Date "2019.08.10"]
[Round "9.5"]
[White "Boudry, William"]
[Black "Baselmans, Sam"]
[Result "0-1"]
[WhiteElo "2033"]
[BlackElo "2064"]
[Annotator "NA"]
[PlyCount "116"]
[EventDate "2019.08.05"]
[EventType "swiss"]
[EventCountry "NED"]
[SourceTitle "playchess.com"]
[Source "ChessBase"]
[SourceQuality "1"]
[TimeControl "5400+30"]

1. d4 {[%emt 0:00:00]} Nf6 {[%emt 0:00:00]} 2. c4 {[%emt 0:00:00]} g6 {[%emt 0:00:00]} 3. Nc3 {[%emt 0:00:16]} Bg7 {[%emt 0:00:00]} 4. e4 {[%emt 0:00:14]} d6 {[%emt 0:00:00]} 5. Bd3 {[%emt 0:00:17]} O-O {[%emt 0:00:00]} 6. Nge2 {[%emt 0:00:03]} Nc6 {[%emt 0:00:02]} 7. O-O {[%emt 0:00:33]} e5 {[%emt 0:00:20]} 8. d5 {[%emt 0:00:04]} Ne7 {[%emt 0:00:04]} 9. Rb1 {[%emt 0:03:13]} Nh5 {[%emt 0:02:52]} 10. b4 {[%emt 0:02:20]} f5 {[%emt 0:00:33]} 11. exf5 {[%emt 0:00:09]} gxf5 {[%emt 0:00:05]} 12. f3 {[%emt 0:00:05]} Rf7 {[%emt 0:07:12]} 13. Qc2 {[%emt 0:02:29]} Bf8 {[%emt 0:01:48]} 14. Bg5 {[%emt 0:04:55]} Rg7 {[%emt 0:05:19]} 15. Bxe7 {[%emt 0:01:39]} Qxe7 {[%emt 0:00:07]} 16. Bxf5 {[%emt 0:00:29]} Qg5 {[%emt 0:00:39]} 17. Bg4 {[%emt 0:05:19]} Bxg4 {[%emt 0:15:45]} 18. fxg4 {[%emt 0:01:23]} Qe3+ {[%emt 0:00:36]} 19. Kh1 {[%emt 0:00:52]} Rxg4 {[%emt 0:00:56]} 20. Qf5 {[%emt 0:01:02]} Qg5 {[%emt 0:04:34]} 21. Qf7+ {[%emt 0:05:05]} Kh8 {[%emt 0:00:06]} 22. Rf5 {[%emt 0:00:36]} Qg6 {[%emt 0:00:38]} 23. Rbf1 {[%emt 0:00:46]} Nf4 {[%emt 0:05:21]} 24. Nxf4 {[%emt 0:03:02]} Rxf4 {[%emt 0:04:02]} 25. R1xf4 {[%emt 0:04:42]} exf4 {[%emt 0:00:04]} 26. Qxg6 {[%emt 0:04:10]} hxg6 {[%emt 0:00:06]} 27. Rxf4 {[%emt 0:00:33]} Re8 {[%emt 0:04:42]} 28. Re4 {[%emt 0:01:59]} Rc8 {[%emt 0:01:13]} 29. g3 {[%emt 0:03:55]} Bg7 {[%emt 0:02:07]} 30. Nb5 {[%emt 0:00:43]} a6 {[%emt 0:01:41]} 31. Nd4 {[%emt 0:00:40]} Be5 {[%emt 0:04:22]} 32. c5 {[%emt 0:02:19]} Kg7 {[%emt 0:03:24]} 33. Kg2 {[%emt 0:02:07]} Kf6 {[%emt 0:02:04]} 34. Nf3 {[%emt 0:03:21]} Rd8 {[%emt 0:01:49]} 35. Kf2 {[%emt 0:01:58]} Bc3 {[%emt 0:02:17]} 36. Rc4 {[%emt 0:00:13]} Be5 {[%emt 0:00:21]} 37. c6 {[%emt 0:00:20]} b5 {[%emt 0:00:58]} 38. Re4 {[%emt 0:00:11]} Ra8 {[%emt 0:00:39]} 39. Ke3 {[%emt 0:02:35]} a5 {[%emt 0:01:04]} 40. Nxe5 {[%emt 0:00:40]} dxe5 {[%emt 0:00:05]} 41. h4 {[%emt 0:00:48]} a4 {[%emt 0:05:46]} 42. g4 {[%emt 0:01:40]} Rh8 {[%emt 0:01:27]} 43. g5+ {[%emt 0:01:22]} Kf5 {[%emt 0:00:05]} 44. Kf3 {[%emt 0:01:32]} Rd8 {[%emt 0:00:07]} 45. h5 {[%emt 0:00:41]} gxh5 {[%emt 0:01:11]} 46. g6 {[%emt 0:00:30]} Rxd5 {[%emt 0:04:47]} 47. g7 {[%emt 0:00:24]} Rd8 {[%emt 0:00:05]} 48. Rh4 {[%emt 0:00:21]} Kg5 {[%emt 0:04:03]} 49. Rh2 {[%emt 0:00:06]} Rg8 {[%emt 0:00:43]} 50. Ke4 {[%emt 0:00:03]} Rxg7 {[%emt 0:00:58]} 51. Kxe5 {[%emt 0:00:05]} Re7+ {[%emt 0:00:21]} 52. Kd5 {[%emt 0:00:05]} h4 {[%emt 0:00:57]} 53. Kc5 {[%emt 0:02:01]} Re5+ {[%emt 0:00:05]} 54. Kd4 {[%emt 0:00:01]} Rf5 {[%emt 0:00:14]} 55. Rg2+ {[%emt 0:00:07]} Kf6 {[%emt 0:01:33]} 56. Ke4 {[%emt 0:03:39]} h3 {[%emt 0:01:18]} 57. Rh2 {[%emt 0:00:21]} Rh5 {[%emt 0:00:07]} 58. Kf4 {[%emt 0:00:19]} Ke6 {[%emt 0:00:13] Ke5+ Kxe5} 0-1

[Event "ONJK-A 2019"]
[Site "Borne"]
[Date "2019.08.10"]
[Round "9.6"]
[White "Van Roon, Sjoerd"]
[Black "Hempler, Poul"]
[Result "1-0"]
[WhiteElo "2072"]
[BlackElo "1809"]
[Annotator "NA"]
[PlyCount "27"]
[EventDate "2019.08.05"]
[EventType "swiss"]
[EventCountry "NED"]
[SourceTitle "playchess.com"]
[Source "ChessBase"]
[SourceQuality "1"]
[TimeControl "5400+30"]

1. e4 {[%emt 0:00:00]} c6 {[%emt 0:00:00]} 2. d4 {[%emt 0:00:00]} d5 {[%emt 0:00:00]} 3. Nc3 {[%emt 0:00:00]} dxe4 {[%emt 0:00:00]} 4. Nxe4 {[%emt 0:00:00]} Bf5 {[%emt 0:00:00]} 5. Ng3 {[%emt 0:00:00]} Bg6 {[%emt 0:00:02]} 6. Nh3 {[%emt 0:00:11]} h6 {[%emt 0:01:11]} 7. Nf4 {[%emt 0:00:49]} Bh7 {[%emt 0:00:38]} 8. Bc4 {[%emt 0:00:37]} e6 {[%emt 0:01:07]} 9. O-O {[%emt 0:01:02]} Nf6 {[%emt 0:01:22]} 10. Re1 {[%emt 0:06:21]} Nd5 {[%emt 0:05:56]} 11. Qh5 {[%emt 0:02:34]} Nxf4 {[%emt 0:01:57]} 12. Bxf4 {[%emt 0:00:08]} Bg6 {[%emt 0:00:06]} 13. Rxe6+ {[%emt 0:01:26]} Kd7 {[%emt 0:04:29]} 14. Rxg6 {[%emt 0:01:30]} 1-0

[Event "ONJK-A 2019"]
[Site "Borne"]
[Date "2019.08.10"]
[Round "9.7"]
[White "Shakhverdian, William"]
[Black "Godde, Matthias"]
[Result "1-0"]
[WhiteElo "2045"]
[BlackElo "1989"]
[Annotator "NA"]
[PlyCount "101"]
[EventDate "2019.08.05"]
[EventType "swiss"]
[EventCountry "NED"]
[SourceTitle "playchess.com"]
[Source "ChessBase"]
[SourceQuality "1"]
[TimeControl "5400+30"]

1. d4 {[%emt 0:00:00]} Nf6 {[%emt 0:00:33]} 2. c4 {[%emt 0:00:00]} g6 {[%emt 0:00:15]} 3. Nc3 {[%emt 0:00:00]} Bg7 {[%emt 0:00:17]} 4. e4 {[%emt 0:00:00]} d6 {[%emt 0:00:06]} 5. Be2 {[%emt 0:00:00]} O-O {[%emt 0:00:15]} 6. Bg5 {[%emt 0:00:00]} h6 {[%emt 0:06:49]} 7. Be3 {[%emt 0:00:00]} e5 {[%emt 0:01:46]} 8. d5 {[%emt 0:00:02]} Nbd7 {[%emt 0:03:57]} 9. g4 {[%emt 0:01:11]} Nc5 {[%emt 0:05:04]} 10. f3 {[%emt 0:00:04]} a5 {[%emt 0:00:38]} 11. Qd2 {[%emt 0:00:28]} Kh7 {[%emt 0:03:40]} 12. h4 {[%emt 0:00:05]} Ne8 {[%emt 0:02:49]} 13. h5 {[%emt 0:01:04]} g5 {[%emt 0:00:19]} 14. Nh3 {[%emt 0:03:13]} Bf6 {[%emt 0:01:16]} 15. O-O {[%emt 0:00:45]} Bd7 {[%emt 0:03:35]} 16. Nf2 {[%emt 0:00:28]} Be7 {[%emt 0:06:22]} 17. Nh1 {[%emt 0:00:52]} Ng7 {[%emt 0:03:12]} 18. Ng3 {[%emt 0:00:11]} a4 {[%emt 0:03:24]} 19. Rab1 {[%emt 0:03:52]} b6 {[%emt 0:05:04]} 20. Rfc1 {[%emt 0:00:15]} Ra7 {[%emt 0:05:22]} 21. b4 {[%emt 0:08:32]} axb3 {[%emt 0:00:42]} 22. axb3 {[%emt 0:00:08]} Ra3 {[%emt 0:02:58]} 23. Bd1 {[%emt 0:02:05]} Qa8 {[%emt 0:04:18]} 24. b4 {[%emt 0:01:34]} Nb7 {[%emt 0:02:14]} 25. Nb5 {[%emt 0:06:47]} Bxb5 {[%emt 0:07:16]} 26. cxb5 {[%emt 0:00:16]} Rc8 {[%emt 0:00:15]} 27. Bb3 {[%emt 0:01:15]} Qa7 {[%emt 0:02:06]} 28. Qb2 {[%emt 0:05:02]} Bd8 {[%emt 0:02:05]} 29. Nf1 {[%emt 0:00:05]} Ra8 {[%emt 0:00:50]} 30. Nd2 {[%emt 0:00:36]} Qb8 {[%emt 0:00:36]} 31. Nc4 {[%emt 0:01:12]} R3a7 {[%emt 0:00:07]} 32. Kg2 {[%emt 0:02:44]} f6 {[%emt 0:00:07]} 33. Kg3 {[%emt 0:01:04]} Kh8 {[%emt 0:00:04]} 34. Bd2 {[%emt 0:02:19]} Kh7 {[%emt 0:00:07]} 35. Ne3 {[%emt 0:00:35]} Kh8 {[%emt 0:00:31]} 36. Qc2 {[%emt 0:00:42]} Kg8 {[%emt 0:01:05]} 37. Qc6 {[%emt 0:00:07]} Qc8 {[%emt 0:03:08]} 38. Nf5 {[%emt 0:02:10]} Nxf5+ {[%emt 0:01:45]} 39. exf5 {[%emt 0:00:10]} Kf8 {[%emt 0:02:07]} 40. Be3 {[%emt 0:00:16]} Ke7 {[%emt 0:03:02]} 41. Bxb6 {[%emt 0:01:13]} cxb6 {[%emt 0:00:20]} 42. Qxc8 {[%emt 0:00:10]} Rxc8 {[%emt 0:00:01]} 43. Rxc8 {[%emt 0:00:08]} Kd7 {[%emt 0:00:10]} 44. Rbc1 {[%emt 0:04:17]} Ra3 {[%emt 0:01:30]} 45. Rb8 {[%emt 0:00:23]} Ra7 {[%emt 0:00:04]} 46. Kf2 {[%emt 0:02:18]} Ke7 {[%emt 0:00:33]} 47. Ke2 {[%emt 0:01:43]} Kd7 {[%emt 0:00:09]} 48. Kd2 {[%emt 0:00:09]} Ke7 {[%emt 0:00:04]} 49. Kc2 {[%emt 0:00:30]} Kd7 {[%emt 0:00:39]} 50. Kb2 {[%emt 0:00:09]} Ke7 {[%emt 0:00:24]} 51. Ra1 {[%emt 0:00:10]} 1-0

[Event "ONJK-A 2019"]
[Site "Borne"]
[Date "2019.08.10"]
[Round "9.8"]
[White "Merkon, Oseb"]
[Black "De Vries, Tobias"]
[Result "0-1"]
[WhiteElo "2013"]
[BlackElo "1868"]
[Annotator "NA"]
[PlyCount "90"]
[EventDate "2019.08.05"]
[EventType "swiss"]
[EventCountry "NED"]
[SourceTitle "playchess.com"]
[Source "ChessBase"]
[SourceQuality "1"]
[TimeControl "5400+30"]

1. c4 {[%emt 0:00:00]} Nf6 {[%emt 0:00:23]} 2. Nc3 {[%emt 0:00:00]} d5 {[%emt 0:00:39]} 3. cxd5 {[%emt 0:00:00]} Nxd5 {[%emt 0:00:06]} 4. d4 {[%emt 0:00:06]} g6 {[%emt 0:00:23]} 5. e4 {[%emt 0:02:13]} Nxc3 {[%emt 0:00:05]} 6. bxc3 {[%emt 0:00:03]} Bg7 {[%emt 0:00:09]} 7. Bc4 {[%emt 0:00:47]} O-O {[%emt 0:00:21]} 8. Nf3 {[%emt 0:00:58]} c5 {[%emt 0:00:05]} 9. O-O {[%emt 0:06:31]} Nc6 {[%emt 0:00:08]} 10. Bb2 {[%emt 0:09:44]} cxd4 {[%emt 0:04:39]} 11. Nxd4 {[%emt 0:03:20]} Na5 {[%emt 0:07:01]} 12. Be2 {[%emt 0:04:26]} b6 {[%emt 0:03:41]} 13. Qc2 {[%emt 0:01:56]} Bb7 {[%emt 0:01:02]} 14. Nb3 {[%emt 0:01:41]} Nc6 {[%emt 0:01:02]} 15. Rfd1 {[%emt 0:00:36]} Qc7 {[%emt 0:00:26]} 16. Rac1 {[%emt 0:13:09]} Bh6 {[%emt 0:00:22]} 17. Nd2 {[%emt 0:00:36]} Rfd8 {[%emt 0:03:28]} 18. c4 {[%emt 0:00:59]} Nd4 {[%emt 0:01:29]} 19. Bxd4 {[%emt 0:05:48]} Rxd4 {[%emt 0:00:06]} 20. Bf3 {[%emt 0:08:33]} Rc8 {[%emt 0:02:04]} 21. Nb3 {[%emt 0:06:48]} Rxd1+ {[%emt 0:03:47]} 22. Rxd1 {[%emt 0:00:03]} Bf4 {[%emt 0:04:39]} 23. h3 {[%emt 0:04:48]} Ba6 {[%emt 0:04:28]} 24. Be2 {[%emt 0:02:51]} h5 {[%emt 0:12:17]} 25. g3 {[%emt 0:03:11]} Be5 {[%emt 0:02:54]} 26. f4 {[%emt 0:00:42]} Bd6 {[%emt 0:00:58]} 27. e5 {[%emt 0:02:45]} Bc5+ {[%emt 0:00:25]} 28. Kh2 {[%emt 0:03:13]} Bb7 {[%emt 0:05:24]} 29. e6 {[%emt 0:02:08]} Qc6 {[%emt 0:01:51]} 30. exf7+ {[%emt 0:00:10]} Kxf7 {[%emt 0:00:26]} 31. Bd3 {[%emt 0:02:43]} h4 {[%emt 0:06:15]} 32. gxh4 {[%emt 0:08:52]} Be3 {[%emt 0:00:46]} 33. Rf1 {[%emt 0:00:29]} Rd8 {[%emt 0:01:21]} 34. Nc1 {[%emt 0:02:00]} Bxc1 {[%emt 0:01:21]} 35. Bxg6+ {[%emt 0:00:51]} Qxg6 {[%emt 0:00:13]} 36. Rxc1 {[%emt 0:02:30]} Be4 {[%emt 0:02:12]} 37. Qf2 {[%emt 0:00:36]} Rg8 {[%emt 0:00:49]} 38. Rg1 {[%emt 0:02:03]} Qxg1+ {[%emt 0:00:07]} 39. Qxg1 {[%emt 0:00:02]} Rxg1 {[%emt 0:00:09]} 40. Kxg1 {[%emt 0:00:01]} Bd3 {[%emt 0:00:14]} 41. c5 {[%emt 0:01:04]} bxc5 {[%emt 0:00:07]} 42. Kf2 {[%emt 0:00:04]} Kg6 {[%emt 0:00:19]} 43. Ke3 {[%emt 0:00:05]} c4 {[%emt 0:00:05]} 44. Kd4 {[%emt 0:00:07]} Kh5 {[%emt 0:00:47]} 45. f5 {[%emt 0:00:16]} Kxh4 {[%emt 0:00:12]} 0-1

[Event "ONJK-A 2019"]
[Site "Borne"]
[Date "2019.08.10"]
[Round "9.9"]
[White "Vitharana, Annelies"]
[Black "Albers, Sasa"]
[Result "0-1"]
[WhiteElo "1768"]
[BlackElo "1889"]
[Annotator "NA"]
[PlyCount "76"]
[EventDate "2019.08.05"]
[EventType "swiss"]
[EventCountry "NED"]
[SourceTitle "playchess.com"]
[Source "ChessBase"]
[SourceQuality "1"]
[TimeControl "5400+30"]

1. e4 {[%emt 0:00:00]} c6 {[%emt 0:00:00]} 2. d4 {[%emt 0:00:00]} d5 {[%emt 0:00:00]} 3. e5 {[%emt 0:00:00]} c5 {[%emt 0:00:00]} 4. c3 {[%emt 0:02:19]} Nc6 {[%emt 0:00:00]} 5. Nf3 {[%emt 0:00:26]} cxd4 {[%emt 0:00:00]} 6. cxd4 {[%emt 0:00:19]} Bg4 {[%emt 0:00:00]} 7. Be2 {[%emt 0:01:26]} e6 {[%emt 0:00:00]} 8. Be3 {[%emt 0:05:32]} Nge7 {[%emt 0:01:49]} 9. Nbd2 {[%emt 0:04:31]} Nf5 {[%emt 0:00:06]} 10. Nb3 {[%emt 0:01:12]} Bxf3 {[%emt 0:04:19]} 11. Bxf3 {[%emt 0:03:04]} Bb4+ {[%emt 0:00:05]} 12. Bd2 {[%emt 0:04:03]} Qb6 {[%emt 0:00:56]} 13. O-O {[%emt 0:10:34]} Bxd2 {[%emt 0:00:06]} 14. Qxd2 {[%emt 0:00:30]} Nfxd4 {[%emt 0:00:11]} 15. Bd1 {[%emt 0:03:53]} O-O {[%emt 0:00:40]} 16. Re1 {[%emt 0:01:53]} Rac8 {[%emt 0:09:18]} 17. Re3 {[%emt 0:11:50]} Nf5 {[%emt 0:02:49]} 18. Re1 {[%emt 0:01:21]} Qb4 {[%emt 0:00:22]} 19. Qe2 {[%emt 0:05:47]} Ncd4 {[%emt 0:03:00]} 20. Nxd4 {[%emt 0:01:06]} Nxd4 {[%emt 0:00:21]} 21. Qe3 {[%emt 0:00:16]} Qxb2 {[%emt 0:02:00]} 22. Ba4 {[%emt 0:02:14]} Qb4 {[%emt 0:06:17]} 23. Bb3 {[%emt 0:05:42]} Rc3 {[%emt 0:02:45]} 24. Qg5 {[%emt 0:02:17]} Rxb3 {[%emt 0:01:50]} 25. axb3 {[%emt 0:00:22]} Nc2 {[%emt 0:00:02]} 26. Rec1 {[%emt 0:01:28]} Nxa1 {[%emt 0:00:08]} 27. Rxa1 {[%emt 0:00:05]} Qxb3 {[%emt 0:00:11]} 28. h3 {[%emt 0:00:44]} a6 {[%emt 0:00:22]} 29. Rc1 {[%emt 0:01:09]} d4 {[%emt 0:01:38]} 30. Qd2 {[%emt 0:01:46]} d3 {[%emt 0:00:54]} 31. Rc3 {[%emt 0:01:20]} Qb1+ {[%emt 0:00:03]} 32. Rc1 {[%emt 0:00:24]} Qb5 {[%emt 0:00:03]} 33. f4 {[%emt 0:00:57]} h6 {[%emt 0:00:14]} 34. Rc3 {[%emt 0:01:22]} Rd8 {[%emt 0:00:03]} 35. g4 {[%emt 0:00:59]} Qb6+ {[%emt 0:00:21]} 36. Kg2 {[%emt 0:00:16]} Qd4 {[%emt 0:00:04]} 37. Kf1 {[%emt 0:00:54]} Qxc3 {[%emt 0:00:39]} 38. Qxc3 {[%emt 0:00:10]} d2 {[%emt 0:00:02]} 0-1